| 000 | 00571nam a22001577a 4500 | ||
|---|---|---|---|
| 999 |
_c535713 _d535713 |
||
| 020 | _qHard Cover. | ||
| 082 | _a621.3 | ||
| 100 | _aMuhammad Arsalan | ||
| 245 |
_aIMPLEMENTATION & EVALUATION OF LOW AREA AND HIGH SPEED DESIGN ARCHITECTURES OF SHA-3 CANDIDATE BLAKE ON AN FPGA PLATFORM / _cMuhammad Arsalan |
||
| 260 |
_aIslamabad : _bPNEC - NUST, _c2012. |
||
| 300 |
_aix, 44 p. : ill. ; _c30cm. |
||
| 942 |
_2ddc _cTHE |
||
| 650 |
_aElectrical Engineering MS-Thesis. _916073 |
||
| 700 |
_aDr. Arshad Aziz. _929617 |
||